As cuecas ao sol (Record no. 2021)
[ view plain ]
| 000 -Etiqueta do registo | |
|---|---|
| Valores | 00818nam a2200277 4500 |
| 010 ## - Número ISBN | |
| ISBN | 9789895835201 |
| 021 ## - Número do Depósito Legal | |
| Código do país | Portugal |
| Número | 546847/25 |
| 100 ## - Dados gerais de processamento | |
| Dados gerais | 20251216d2025 m||y0pory50030103ba |
| 101 ## - Língua de publicação | |
| Língua | Português |
| 102 ## - País de publicação | |
| País | Portugal |
| 200 ## - Titulo e menção de responsabilidade | |
| Título próprio | As cuecas ao sol |
| Primeira menção de responsabilidade | Regina Rodríguez Sirvent |
| Outras menções de responsabilidade | trad. Rita Custódio, Àlex Tarradellas |
| 205 ## - Menção da edição | |
| Edição | 1ª edição |
| 210 ## - Publicação | |
| Local de publicação | Lisboa |
| Nome do editor | Suma de Letras |
| Data de publicação | 2025 |
| 215 ## - Descrição física | |
| Paginação / Volumes | 446 p. |
| Dimensões | 23 cm |
| 300 ## - Notas gerais | |
| Texto da nota | BMB-Registado |
| 304 ## - Nota relativa ao título | |
| Texto de nota | Tít. orig.: Les calces al sol |
| 606 ## - Nome comum usado como assunto | |
| ID Autoridade | 819 |
| Palavra de ordem | Literatura Espanhola |
| 606 ## - Nome comum usado como assunto | |
| ID Autoridade | 779 |
| Palavra de ordem | Romance |
| 675 ## - CDU | |
| Notação | 821.134.2-31 |
| Edição | BMB |
| Língua | por |
| 700 ## - Autor principal (pessoa individual) | |
| Apelido | Rodríguez Sirvent |
| Nome | Regina |
| Datas | 1983- |
| ID Autoridade | 2893 |
| 702 ## - Autor secundário (pessoa individual) | |
| Apelido | Custódio |
| Nome | Rita |
| Datas | 1980- |
| Função | Tradutor |
| ID Autoridade | 2739 |
| 702 ## - Autor secundário (pessoa individual) | |
| Apelido | Tarradellas |
| Nome | Alex |
| Datas | 1982- |
| Função | Tradutor |
| ID Autoridade | 2740 |
| 801 ## - Fonte de origem | |
| País | PT |
| Agência | BMB |
| Regras de catalogação | RPC |
| 990 ## - Elementos KOHA | |
| Tipo de documento | Livro |
| Situação do levantamento | Estado | Número | Biblioteca de origem | Código de barras | Cota | Permissão de empréstimo | Tipo de documento | Forma de aquisição |
|---|---|---|---|---|---|---|---|---|
| 1 | Biblioteca Municipal de Borba | 1971 | 821.134.2-31 ROD / CUE | Livro | Compra |